| 000 | 01491nam a2200457 i 4500 | ||
|---|---|---|---|
| 001 | 6842 | ||
| 003 | KOSZ 005 | ||
| 005 | 20220517134129.0 | ||
| 008 | 030808s1975 pl a f f |000 0 pol | ||
| 015 | _aUWD 1975/4356 | ||
| 035 | _a991021355509705066 | ||
| 035 | _a(PL-WaBN)b15777716-48omnis_nlop | ||
| 035 | _ab15777716 | ||
| 035 | _a(OCoLC)830516466 | ||
| 035 | _a(PL)b0000001577771 | ||
| 035 | _a(EXLNZ-48OMNIS_NETWORK)9910420385205606 | ||
| 040 |
_aWA N _cWA N _dKOSZ 005/HR |
||
| 041 | 0 | _apol | |
| 046 | _k1965 | ||
| 080 | _a159.922 | ||
| 080 | _a(07) | ||
| 245 | 0 | 0 |
_aPsychologia rozwojowa dzieci i młodzieży / _caut. Zofia Babska [et al.] ; red. Maria Żebrowska. |
| 260 |
_aWarszawa : _bPaństwowe Wydawnictwo Naukowe, _c1975. |
||
| 300 |
_a879, [1] s. : _bil., tab., wykr. ; _c25 cm. |
||
| 336 |
_aTekst _btxt _2rdacontent |
||
| 337 |
_aBez urządzenia pośredniczącego _bn _2rdamedia |
||
| 338 |
_aWolumin _bnc _2rdacarrier |
||
| 380 | _aKsiążki | ||
| 388 | _a1901-2000 | ||
| 388 | _a1945-1989 | ||
| 504 | _aBibliogr. | ||
| 650 | 7 |
_aPsychologia rozwojowa _2DBN |
|
| 655 | 7 |
_aPodręcznik _2DBN |
|
| 658 | _aPsychologia | ||
| 700 | 1 |
_aBabska, Zofia _eAutor |
|
| 700 | 1 |
_aŻebrowska, Maria _d(1900-1978) _eRedakcja |
|
| 710 | 2 | _aPaństwowe Wydawnictwo Naukowe | |
| 856 |
_uhttp://koha.tu.koszalin.pl/cgi-bin/koha/opac-detail.pl?biblionumber=6842 _yKatalog online BPK |
||
| 942 |
_2UKD _cKS |
||
| 999 |
_c6842 _d6842 |
||